000 01259cam a2200385 4500
008 090401t1991 xxu||||| |||| 00| 0 eng d
020 _a011701558X
035 _a(Sirsi) u70253
041 _aeng
050 _a711.409421
100 _aKennedy, Richard
245 _aLondon: world city moving into the 21st century: a research project.
260 _aLondon
_bHMSO
_c1991
300 _axi,236p. ; 25cm.
350 _a24.95
520 _aCo-sponsored by the London Planning Advisory Committee, Corporation of London, Greater London Arts, London Docklands Development Corporation, London Transport and Westminster City Council.
650 _aCORPORATION OF LONDON
650 _aEMPLOYMENT
650 _aGREATER LONDON ARTS
650 _aInfrastructure
_96246
650 _aLONDON DOCKLANDS DEVELOPMENT CORPORATION
650 _aLONDON PLANNING ADVISORY COMMITTEE
650 _aLONDON TRANSPORT
650 _aLONDON
650 _aPLANNING
650 _aQUALITY OF LIFE
650 _aSTRATEGIC PLANNING
650 _aWEALTH CREATION
650 _aWESTMINSTER CITY COUNCIL
650 _aWORLD CITIES
690 _aPLANNING LAW AND PRACTICE
710 _aCoopers and Lybrand Deloitte
_9876
942 _n0
948 _c04/03/1997
999 _c95305
_d95305